| 000 | 00510nam a2200205 i 4500 | ||
|---|---|---|---|
| 001 | bg | ||
| 100 | 1 | _aSnyder, Milton K. | |
| 245 | 0 |
_aChemia - struktura i reakcje / _cMilton K. Snyder. |
|
| 250 | _aWyd.2. | ||
| 260 |
_aWarszawa : _bWydawnictwa Naukowo-Techniczne, _c1975. |
||
| 650 | 9 | _aChemia | |
| 650 | 9 | _aReakcje chemiczne | |
| 655 | _aPodręczniki akademickie | ||
| 040 | _cBPK | ||
| 041 | _apol | ||
| 080 | _a54 | ||
| 080 | _a(07) | ||
| 942 | _cKS | ||
| 008 | s pl f |000 0 pol | ||
| 999 |
_c23753 _d23753 |
||
| 856 |
_uhttp://koha.tu.koszalin.pl/cgi-bin/koha/opac-detail.pl?biblionumber=23753 _yKatalog online BPK |
||